Invisible US Capitals Quiz Stats

 Plays Quiz Updated Aug 9, 2012

Challenge
Share
Tweet
Embed
Score 0/50 Timer 05:00
9 Plays Today
Capitals % Correct
Sacramento
91.7%
Albany
89.4%
Austin
88.7%
Tallahassee
86.8%
Atlanta
86.4%
Phoenix
85.2%
Boston
83.9%
Denver
83.7%
Oklahoma City
81.8%
Honolulu
81.6%
Boise
81%
Baton Rouge
80.9%
Indianapolis
80.9%
Columbus
80.9%
Juneau
80.3%
Raleigh
79.9%
Springfield
79.6%
Olympia
79.4%
Jackson
79%
Salem
78.9%
Nashville
78.7%
Little Rock
78.7%
Helena
78.6%
Augusta
78.3%
Santa Fe
78.1%
Capitals % Correct
St Paul
77.8%
Carson City
77.7%
Salt Lake City
77.7%
Dover
77.6%
Lansing
76.8%
Harrisburg
76.2%
Pierre
76.2%
Annapolis
75.9%
Des Moines
75.3%
Providence
75%
Lincoln
74.7%
Topeka
74.7%
Trenton
74.4%
Montpelier
74.1%
Richmond
74.1%
Hartford
73.9%
Frankfort
73.6%
Madison
73.3%
Cheyenne
73.1%
Bismarck
72%
Columbia
71.8%
Montgomery
71.7%
Charleston
71.3%
Jefferson City
71.3%
Concord
68%

You're not logged in!

Compare scores with friends on all Sporcle quizzes.
OR
Log In

You Might Also Like...

Show Comments

Extras

Top Quizzes Today


Score Distribution

Your Account Isn't Verified!

In order to create a playlist on Sporcle, you need to verify the email address you used during registration. Go to your Sporcle Settings to finish the process.

Report this User

Report this user for behavior that violates our Community Guidelines.

Details: